| 000 | 00839nam a2200217 a 4500 | ||
|---|---|---|---|
| 001 | 000014403 | ||
| 005 | 20240412074241.0 | ||
| 008 | 091211d2002 dr 000 0 spa d | ||
| 040 |
_aDO-SdBNP _bspa _cBNPHU |
||
| 082 |
_aRD 972.9304 _bE74s |
||
| 245 | 0 | 0 |
_aEscritos sobre La Restauración / _cpresentación Viriato Sención. |
| 260 |
_aSanto Domingo : _bCPEP, _c2002. |
||
| 300 |
_a333 p. : _bil., retrs. ; _c22 cm. |
||
| 500 | _aIncluye referencias bibliográficas y notas al pie de las páginas | ||
| 590 | _aInventariado, 2020/YL | ||
| 650 | 0 |
_aLiteratura dominicana. _967 |
|
| 651 | 4 |
_aRepública Dominicana _xHistoria _yRESTAURACIÓN, 1863-1865 _xEnsayos, Conferencia, Etc. _932513 |
|
| 700 | 2 |
_aSención, Viriato, _d1941- _927776 |
|
| 710 | 1 | 2 |
_aRepública Dominicana _bComisión Permanente de Efemérides Patria _945309 |
| 910 | _aBNPD | ||
| 999 |
_c13994 _d13994 |
||